ՀՀ Գիտությունների ազգային ակադեմիայի հիմնարար գիտական գրադարան  =   Fundamental Scientific Library of NAS RA

История труда в связи с изменениями в хозяйственной жизни Западной Европы : (Record no. 209790)

MARC details
000 -LEADER
fixed length control field 00729nam a2200181 a 4500
001 - CONTROL NUMBER
control field 000618457
003 - CONTROL NUMBER IDENTIFIER
control field AM-YEHGA
005 - DATE AND TIME OF LATEST TRANSACTION
control field 20260323135654.0
008 - FIXED-LENGTH DATA ELEMENTS--GENERAL INFORMATION
fixed length control field 081209s1920 ru |||||r 000|0|rus|d
040 ## - CATALOGING SOURCE
Original cataloging agency AM-YEHGA
041 0# - LANGUAGE CODE
Language code of text/sound track or separate title rus
100 1# - MAIN ENTRY--PERSONAL NAME
Personal name Лозинский, Самуил Горациевич,
Dates associated with a name 1874-1945
245 10 - TITLE STATEMENT
Title История труда в связи с изменениями в хозяйственной жизни Западной Европы :
Remainder of title Для школ и самообразования /
Statement of responsibility, etc. С.Г. Лозинский.
260 ## - PUBLICATION, DISTRIBUTION, ETC.
Place of publication, distribution, etc. Петербург :
Name of publisher, distributor, etc. Госиздат,
Date of publication, distribution, etc. 1920.
300 ## - PHYSICAL DESCRIPTION
Extent 160 с.
650 14 - SUBJECT ADDED ENTRY--TOPICAL TERM
Topical term or geographic name entry element История труда
Geographic subdivision Западная Европа
942 ## - ADDED ENTRY ELEMENTS (KOHA)
Source of classification or shelving scheme Universal Decimal Classification
Koha item type Գրքեր / Books
Holdings
Withdrawn status Lost status Damaged status Not for loan Collection Home library Current library Date acquired Total checkouts Full call number Barcode Date last seen Price effective from Koha item type Public note
        General Fundamental Scientific Library Fundamental Scientific Library 29/12/2016   PII/581829 FL0088716 29/12/2016 29/12/2016 Գրքեր / Books 30 Days Loan
        Kusikian Individual Collection Fundamental Scientific Library Fundamental Scientific Library 18/12/2025   Кус/5799 FL0699553 18/12/2025 18/12/2025 Գրքեր / Books Ill Non-Circ


ՀՀ ԳԱԱ հիմնարար գիտական գրադարան
ՀՀ,Երևան 0019
Մարշալ Բաղրամյան 24/6
հեռախոս:(374-10) 52-47-50
Հետադարձ կապ

All site content, except where otherwise noted, is licensed under a
Creative Commons License